| 000 | 00972nam a2200277 a 4500 | ||
|---|---|---|---|
| 001 | BRCA_3472 | ||
| 005 | 20190320204311.0 | ||
| 008 | 290409s1774----enk#---###---#000-0#eng-# | ||
| 041 | _aeng | ||
| 044 | _aenk | ||
| 084 |
_a761 _b.A76 _c1774 |
||
| 100 | 1 |
_aArnold, Dr. _99052 |
|
| 245 | 1 | 0 |
_aDon Quixote _bAn Entertainment for Music : sung at Marybone-Gardens _cThe Music Composed by Dr. Arnold. |
| 260 |
_aLondres _bC. D. Piguenit _c1774 |
||
| 300 |
_a33 p. _c19 cm. |
||
| 500 | _aAdaptación musical del Quijote por Dr. Arnold. Semipiel; planos orlados Lúdovik Osterc | ||
| 500 | _aQMB71 | ||
| 546 | _aTexto en : inglés | ||
| 650 | 1 | 4 |
_aNovela española _yÉpoca clásica, 1500-1700 _9215 |
| 650 | 1 | 4 |
_aLiteratura española _yÉpoca clásica, 1500-1700 _9216 |
| 650 | 1 | 4 |
_aNovela española _ySiglo XVII _9217 |
| 650 | 1 | 4 |
_aDon Quijote (Personaje ficticio) _eNovela _9218 |
| 740 | 0 | _aEl Ingenioso Hidalgo Don Quijote de la Mancha | |
| 902 | _aQFM | ||
| 942 |
_2lcc _cB |
||
| 999 |
_c3208 _d3208 |
||